Agricultural policy in Western Europe and the United States (Record no. 9105)

000 -LEADER
fixed length control field 00285nam a22001217a 4500
040 ## - CATALOGING SOURCE
Transcribing agency HS
082 ## - DEWEY DECIMAL CLASSIFICATION NUMBER
Classification number 338
100 ## - MAIN ENTRY--AUTHOR NAME
Personal name KEN A. INGERSENT
245 ## - TITLE STATEMENT
Title Agricultural policy in Western Europe and the United States
260 ## - PUBLICATION, DISTRIBUTION, ETC. (IMPRINT)
Place of publication UK
Name of publisher KEN A. INGERSENT
Year of publication 1999
300 ## - PHYSICAL DESCRIPTION
Number of Pages 450p;
942 ## - ADDED ENTRY ELEMENTS (KOHA)
Koha item type សៀវភៅភាសាអង់គ្លេស
952 ## - LOCATION AND ITEM INFORMATION (KOHA)
Withdrawn status [LOCAL, KOHA] 0
Holdings
Permanent Location Date acquired Koha item type Lost status Shelving location Barcode Current Location Full call number
Library Block C2016-08-24សៀវភៅភាសាអង់គ្លេស C193RUA061413Library Block C338 KEN 1999 C193
មជ្ឈមណ្ឌលឯការនៃសាកលវិទ្យាល័យភូមិន្ទកសិកម្មចំការដូង

Powered by Koha